Intersectionality and multiple inequalities: visibility in british policy on violence against women /
Enregistré dans:
| Auteur principal: | |
|---|---|
| Autres auteurs: | , |
| Format: | Texte |
| Tags: |
Ajouter un tag
Pas de tags, Soyez le premier à ajouter un tag!
|
MARC
| LEADER | 00000 a a2200000 04500 | ||
|---|---|---|---|
| 001 | 47390 | ||
| 003 | |||
| 040 | |||
| 100 | |a Strid, Sofia | ||
| 245 | |a Intersectionality and multiple inequalities: |b visibility in british policy on violence against women / |c Sofia Strid, Sylvia Walby, Jo Armstrong | ||
| 700 | |a Walby, Sylvia | ||
| 700 | |a Armstrong, Jo | ||
| 773 | |g volumen20, número4, (2013), páginas 558-581 | ||
| 999 | |c 37073 |d 37073 | ||
